000
00459nam a2200145Ia 4500
008
100204s9999 xx 000 0 und d
082
_b
7114
100
_a
जोगळेकर योगिनी
245
_a
झुंजुमुंजु
260
_b
"उदयदीप प्रकाशन , मुंबई"
_c
1985
300
_a
118
630
_a
झुंजुमुंजु
730
_a
झुंजुमुंजु
942
_c
BOOK
999
_c
451551
_d
451548